Wilhelm Meister's apprenticeship and travel / (Record no. 154368)
[ view plain ]
| 000 -LEADER | |
|---|---|
| campo de control de longitud fija | 00632nam a22001815i 4500 |
| 001 - NÚMERO DE CONTROL | |
| campo de control | 154368 |
| 003 - IDENTIFICADOR DE NÚMERO DE CONTROL | |
| campo de control | ES-MaACL |
| 005 - FECHA Y HORA DE LA ÚLTIMA TRANSACCIÓN | |
| campo de control | 20250117133106.0 |
| 008 - DATOS DE LONGITUD FIJA--INFORMACIÓN GENERAL | |
| campo de control de longitud fija | 961110q1900 xxk |||| | eng d |
| 080 ## - NÚMERO DE LA CLASIFICACIÓN DECIMAL UNIVERSAL | |
| Número de la Clasificación Decimal Universal | 821.112.2-31"17" |
| 100 1# - ENTRADA PRINCIPAL--NOMBRE DE PERSONA | |
| Nombre de persona | Goethe, Johann Wolfgang von, |
| Fechas asociadas al nombre | 1749-1832 |
| 9 (RLIN) | 57568 |
| 245 10 - MENCIÓN DEL TÍTULO | |
| Título | Wilhelm Meister's apprenticeship and travel / |
| Mención de responsabilidad, etc. | translated from the German of Goethe by Thomas Carlyle. |
| 260 ## - PUBLICACIÓN, DISTRIBUCIÓN, ETC. | |
| Lugar de publicación, distribución, etc. | London : |
| Nombre del editor, distribuidor, etc. | Chapman & Hall, |
| Fecha de publicación, distribución, etc. | [ca. 1900] |
| 300 ## - DESCRIPCIÓN FÍSICA | |
| Extensión | 3 v. ; |
| Dimensiones | 18 cm. |
| 700 0# - ENTRADA AGREGADA--NOMBRE PERSONAL | |
| Nombre de persona | Carlyle, Thomas, |
| Fechas asociadas al nombre | 1795-1881 |
| 9 (RLIN) | 35316 |
| 852 ## - LOCALIZACIÓN | |
| Ubicación | ES-MaACL |
| Número de control de estantería | G-10556-58 |
| Nota libre | - Enc. editorial en tela |
| Estatus retirado | Estado de pérdida | Estado de daño | No para préstamo | Colección | Biblioteca de origen | Biblioteca actual | Ubicación en estantería | Fecha de adquisición | Total de préstamos | Signatura topográfica completa | Código de barras | Visto por última vez | Precio de reemplazo | Tipo de ítem Koha |
|---|---|---|---|---|---|---|---|---|---|---|---|---|---|---|
| Libros del s. XIX | Biblioteca del Ateneo de Madrid | Biblioteca del Ateneo de Madrid | Sala Pecera Planta 3 | 17/01/2008 | G-10556-58 | 1161428 | 23/02/2023 | 23/02/2023 | Libro impreso antiguo |
